Welcome to the Holygrace Academy Library

Please use search bar below to get started

ACCOUNTANCY THEORY BOOKLET (Record no. 632)

MARC details
000 -LEADER
fixed length control field 00323nam a22001337a 4500
020 ## - INTERNATIONAL STANDARD BOOK NUMBER
ISBN 81-87414-00-6
082 ## - DEWEY DECIMAL CLASSIFICATION NUMBER
Classification number 657
Item number VIJ/A
100 ## - MAIN ENTRY--AUTHOR NAME
Personal name Dr.VIKAS VIJAY
245 ## - TITLE STATEMENT
Title ACCOUNTANCY THEORY BOOKLET
Remainder of title CLASS XII
260 ## - PUBLICATION, DISTRIBUTION, ETC. (IMPRINT)
Place of publication DELHI
Name of publisher RACHNA SAGARPVT LTD
300 ## - PHYSICAL DESCRIPTION
Number of Pages 76
650 ## - SUBJECT ADDED ENTRY--TOPICAL TERM
Topical Term ACCOUNTANCY FOR CLASS XII
Geographic subdivision INDIA
942 ## - ADDED ENTRY ELEMENTS (KOHA)
Koha item type Books
Holdings
Withdrawn status Lost status Collection code Home library Current library Shelving location Date acquired Source of acquisition Full call number Accession Number Koha item type
    Reference Main Library Main Library SHELF 10 C PLUS 2 ACCOUNTANCY 18/05/2017 purchase 657 VIJ/A 07759 Books